<?xml version="1.0" encoding="UTF-8"?>
<collection xmlns="http://www.loc.gov/MARC21/slim">
<record>
  <controlfield tag="001">149448</controlfield>
  <controlfield tag="005">20250127135743.0</controlfield>
  <datafield tag="037" ind1=" " ind2=" ">
    <subfield code="a">TAZ-TFG-2024-4022</subfield>
  </datafield>
  <datafield tag="041" ind1=" " ind2=" ">
    <subfield code="a">spa</subfield>
  </datafield>
  <datafield tag="100" ind1="1" ind2=" ">
    <subfield code="a">Soria Sobrevilla, Iker</subfield>
  </datafield>
  <datafield tag="242" ind1="0" ind2="0">
    <subfield code="a">Design of corporate identity and ephemeral space for cultural events promoted by Ocre Association</subfield>
  </datafield>
  <datafield tag="245" ind1="0" ind2="0">
    <subfield code="a">Diseño de identidad corporativa y espacio efímero para eventos culturales de la Asociación Ocre</subfield>
  </datafield>
  <datafield tag="260" ind1=" " ind2=" ">
    <subfield code="a">Zaragoza</subfield>
    <subfield code="b">Universidad de Zaragoza</subfield>
    <subfield code="c">2024</subfield>
  </datafield>
  <datafield tag="506" ind1=" " ind2=" ">
    <subfield code="a">by-nc-sa</subfield>
    <subfield code="b">Creative Commons</subfield>
    <subfield code="c">3.0</subfield>
    <subfield code="u">http://creativecommons.org/licenses/by-nc-sa/3.0/</subfield>
  </datafield>
  <datafield tag="520" ind1=" " ind2=" ">
    <subfield code="a">Este proyecto aborda el diseño integral de la identidad corporativa y la creación de un espacio efímero para eventos culturales de la Asociación Ocre, una organización comprometida con la revitalización del entorno rural aragonés. A lo largo del trabajo, se ha investigado y desarrollado una nueva imagen visual que encapsula sus valores. Esta identidad se ha materializado tanto en elementos gráficos como en la conceptualización de un espacio físico adaptable a diversas actividades culturales. El proceso de diseño incluye la creación de un logotipo distintivo y un sistema visual coherente, que se extiende desde la papelería promocional hasta el mobiliario del stand. Además, se ha desarrollado un espacio efímero, un stand modular pensado para eventos, que combina funcionalidad y estética. La estructura del stand, realizada en materiales sostenibles, ha sido diseñada para ser adaptable y fácil de ensamblar, reflejando en su construcción los principios visuales y filosóficos de Ocre. Este proyecto no solo establece una identidad corporativa sólida para Ocre, sino que también presenta un modelo de espacio cultural versátil, pensado para ser utilizado en diferentes eventos. El diseño responde a las necesidades actuales de la asociación y sienta las bases para futuros desarrollos y expansiones, asegurando la coherencia y continuidad de la imagen de Ocre en todas sus manifestaciones.&lt;br /></subfield>
  </datafield>
  <datafield tag="521" ind1=" " ind2=" ">
    <subfield code="a">Graduado en Ingeniería en Diseño Industrial y Desarrollo de Producto</subfield>
  </datafield>
  <datafield tag="540" ind1=" " ind2=" ">
    <subfield code="a">Derechos regulados por licencia Creative Commons</subfield>
  </datafield>
  <datafield tag="856" ind1="0" ind2=" ">
    <subfield code="f">824944@unizar.es</subfield>
  </datafield>
  <datafield tag="856" ind1="4" ind2=" ">
    <subfield code="s">89824754</subfield>
    <subfield code="u">http://zaguan.unizar.es/record/149448/files/TAZ-TFG-2024-4022_ANE.pdf</subfield>
    <subfield code="y">Anexos (spa)</subfield>
  </datafield>
  <datafield tag="856" ind1="4" ind2=" ">
    <subfield code="s">9944344</subfield>
    <subfield code="u">http://zaguan.unizar.es/record/149448/files/TAZ-TFG-2024-4022.pdf</subfield>
    <subfield code="y">Memoria (spa)</subfield>
  </datafield>
  <datafield tag="909" ind1="C" ind2="O">
    <subfield code="o">oai:zaguan.unizar.es:149448</subfield>
    <subfield code="p">driver</subfield>
    <subfield code="p">trabajos-fin-grado</subfield>
  </datafield>
  <datafield tag="950" ind1=" " ind2=" ">
    <subfield code="a"></subfield>
  </datafield>
  <datafield tag="691" ind1=" " ind2=" ">
    <subfield code="a">8 11 12</subfield>
  </datafield>
  <datafield tag="692" ind1=" " ind2=" ">
    <subfield code="a">El proyecto contribuye a la sostenibilidad al alinearse con los valores de Ocre, una asociación que promueve la cultura, la vida rural y la naturaleza de manera responsable. El diseño de la imagen y el stand reflejan estos principios, utilizando materiales sostenibles y aplicando el concepto de Design for Disassembly, que facilita el montaje, desmontaje y reutilización. Además, se ha priorizado evitar el uso de materiales contaminantes, asegurando que tanto la imagen como el espacio físico sean coherentes con un enfoque respetuoso con el medio ambiente.</subfield>
  </datafield>
  <datafield tag="700" ind1=" " ind2=" ">
    <subfield code="a">Sanz Segura, Rosana</subfield>
    <subfield code="e">dir.</subfield>
  </datafield>
  <datafield tag="710" ind1="2" ind2=" ">
    <subfield code="a">Universidad de Zaragoza</subfield>
    <subfield code="b">Ingeniería de Diseño y Fabricación</subfield>
    <subfield code="c">Expresión Gráfica de la Ingeniería</subfield>
  </datafield>
  <datafield tag="980" ind1=" " ind2=" ">
    <subfield code="a">TAZ</subfield>
    <subfield code="b">TFG</subfield>
    <subfield code="c">EINA</subfield>
  </datafield>
  <datafield tag="999" ind1=" " ind2=" ">
    <subfield code="a">20240905130703.CREATION_DATE</subfield>
  </datafield>
  <datafield tag="951" ind1=" " ind2=" ">
    <subfield code="a">deposita:2025-01-27</subfield>
  </datafield>
</record>
</collection>